| 000 | 02271cam a22003494a 4500 | ||
|---|---|---|---|
| 001 | 13033871 | ||
| 003 | OSt | ||
| 005 | 20240322182725.0 | ||
| 008 | 021218s2003 njua b 001 0 eng | ||
| 010 | _a 2002156133 | ||
| 020 | _a0471226890 | ||
| 040 |
_aDLC _cDLC _dDLC |
||
| 042 | _apcc | ||
| 082 | 0 | 0 |
_aQW 4 _bC6641 2003 |
| 100 | 1 |
_aCoico, Richard. _916925 |
|
| 245 | 1 | 0 |
_aImmunology : _ba short course / _cRichard Coico, Geoffrey Sunshine, and Eliezer Benjamini. |
| 250 | _a5th ed. | ||
| 260 |
_aHoboken, N.J. : _bWiley-Liss, _c2003. |
||
| 300 |
_axxv, 361 p. : _bcol. ill. ; _c28 cm. |
||
| 500 | _aPrevious ed. cataloged under: Benjamini, Eli. | ||
| 504 | _aIncludes bibliographical references and index. | ||
| 505 | 0 | _aIntroduction and overview -- Elements of innate and acquired immunity -- Immunogens and antigens -- Antibody structure and function -- Antigen-antibody interactions, immune assays, and experimental systems -- The genetic basis of antibody structure -- Biology of the B lymphocyte -- Biology of the T lymphocyte -- The role of the major histocompatability complex in the immune response -- Activation and function of T and B cells by antigen -- Cytokines -- Tolerance, and autoimmunity -- Complement -- Hypersensitivity reactions: antibody-mediated (type I) reactions -- Hypersensitivity reactions: antibody-mediated (type II) cytotoxic reactions and immune complex (type III) reactions -- Hypersensitivity reactions: T-cell-mediated (type IV) delayed-type hypersensitivity -- Immunodeficiency disorders and neoplasias of the lymphoid system -- Transplantation -- Tumor immunology -- Resistance and immunization to infectious diseases. | |
| 650 | 0 |
_aImmunology. _91416 |
|
| 700 | 1 |
_aSunshine, Geoffrey. _916926 |
|
| 700 | 1 |
_aBenjamini, Eli. _916927 |
|
| 856 | 4 | 2 |
_3Contributor biographical information _uhttp://www.loc.gov/catdir/bios/wiley047/2002156133.html |
| 856 | 4 | 2 |
_3Publisher description _uhttp://www.loc.gov/catdir/description/wiley037/2002156133.html |
| 856 | 4 | 1 |
_3Table of contents _uhttp://www.loc.gov/catdir/toc/wiley031/2002156133.html |
| 906 |
_a7 _bcbc _corignew _d1 _eecip _f20 _gy-gencatlg |
||
| 942 |
_2z _cO_SHELF |
||
| 999 |
_c8278 _d8278 |
||